| 000 | 00811nam a2200265u 4500 | ||
|---|---|---|---|
| 001 | 20607 | ||
| 003 | BD-RjUL | ||
| 005 | 20211209000604.0 | ||
| 008 | 140301s1915 enka 000 1 eng | ||
| 035 | _a(BD-RjUL)20669 | ||
| 040 |
_aDLC _cCarP _dDLC _dBD-RjUL _beng |
||
| 041 | _aeng | ||
| 082 |
_a883 _bSTO 1915 |
||
| 245 | 1 | 0 |
_aStories from the Odyssey / _cRetold by H. L. Havell |
| 260 |
_aLondon : _bEvans Bros , _c1915. |
||
| 300 |
_axix, 235 p. : _bill. ; _c20 cm. |
||
| 650 | 0 |
_aOdysseus (Greek mythology) _960394 |
|
| 650 | 0 |
_aEpic poetry, Greek _vTranslations into English. _963587 |
|
| 650 | 0 |
_aBasic English _vTexts. _963588 |
|
| 700 | 1 |
_aHavell, H. L. _963589 |
|
| 942 |
_2ddc _cBK |
||
| 999 |
_c20607 _d20607 |
||